One god, two goddesses, three studies of South Indian cosmology /
One, God, Two Goddesses presents three studies, one of Tamil myths of the god Murugan and two of goddess rituals: Gangamma in Tirupati and Paiditalli in Vizianagaram, both in Andhra Pradesh. All three essays search for lineaments of the cosmos that these deities inhabit and shape. These cosmoi are c...
المؤلف الرئيسي:
التنسيق: كتاب الكتروني
اللغة: English
منشور في:
LEIDEN :
Brill,
2013.
سلاسل:
Jerusalem Studies in Religion and Culture
18.
Religious Studies, Theology and Philosophy E-Books Online, Collection 2014, ISBN: 9789004262492.
الموضوعات:
الوصول للمادة أونلاين: Login to view Source
الوسوم: إضافة وسم
رقم الطلب: BL1226.2 .H36 2013
| LEADER | 03036nam a2200493 i 4500 | ||
|---|---|---|---|
| 001 | BRILL9789004257399 | ||
| 003 | nllekb | ||
| 005 | 20210602095024.0 | ||
| 006 | m d | ||
| 007 | cr un uuuua | ||
| 008 | 130705s2013 ne b 001 0 eng | ||
| 010 | |a 2013026797 | ||
| 020 | |a 9789004257399 |q (electronic book) | ||
| 020 | |z 9789004256156 |q (print) | ||
| 024 | 7 | |a 10.1163/9789004257399 |2 DOI | |
| 040 | |a NL-LeKB |c NL-LeKB |e rda | ||
| 042 | |a pcc | ||
| 043 | |a a-ii--- | ||
| 050 | 4 | |a BL1226.2 |b .H36 2013 | |
| 072 | 7 | |a REL033000 |2 bisacsh | |
| 082 | 0 | 4 | |a 294.5/211 |2 23 |
| 100 | 1 | |a Handelman, Don. | |
| 245 | 1 | 0 | |a One god, two goddesses, three studies of South Indian cosmology / |c by Don Handelman. |
| 263 | |a 1310-- | ||
| 264 | 1 | |a LEIDEN : |b Brill, |c 2013. | |
| 300 | |a 1 online resource. | ||
| 336 | |a text |b txt |2 rdacontent | ||
| 337 | |a computer |b c |2 rdamedia | ||
| 338 | |a online resource |2 rdacarrier | ||
| 490 | 0 | |a Jerusalem studies in religion and culture, |x 1570-078X ; |v v. 18 | |
| 504 | |a Includes bibliographical references and index. | ||
| 505 | 0 | 0 | |t Preliminary Material -- |t 1. The Cosmic Vortex and Don Handelman's Anthropological Vision: A Personal View / |r Bruce Kapferer -- |t 2. Myths of Murugan: Asymmetry and Hierarchy in a South Indian Puranic Cosmology -- |t 3. The Guises of the Goddess and the Transformation of the Male: Gangamma's Visit to Tirupati, and the Continuum of Gender -- |t 4. Growing a Kingdom: The Goddess of Depth in Vizianagaram / |r Don Handelman , M. V. Krishnayya and David Shulman -- |t Index. |
| 520 | |a One, God, Two Goddesses presents three studies, one of Tamil myths of the god Murugan and two of goddess rituals: Gangamma in Tirupati and Paiditalli in Vizianagaram, both in Andhra Pradesh. All three essays search for lineaments of the cosmos that these deities inhabit and shape. These cosmoi are characterised by the dynamism of their incessant interior movement. Should they become still, they would die. Deities activate and regenerate such a cosmos. The dynamism of Murugan's cosmos eliminates the chaotic. Through ritual, Gangamma regenerates her cosmos through feminising it. Through ritual, Paiditalli annually re-grows the historic little kingdom of Vizianagaram, regenerating its kingship. All three studies point to the need to rethink cosmology in South India. | ||
| 650 | 0 | |a Hinduism |z India, South |x Rituals. | |
| 650 | 0 | |a Murugan (Hindu deity) |x Cult. | |
| 650 | 0 | |a Hindu goddesses |z India, South. | |
| 650 | 0 | |a Hindu cosmology. | |
| 776 | 0 | 8 | |i Print version: |t One God, Two Goddesses, Three Studies of South Indian Cosmology |d Leiden, Boston : BRILL, 2014, |z 9789004256156 |
| 830 | 0 | |a Jerusalem Studies in Religion and Culture |v 18. | |
| 830 | 0 | |a Religious Studies, Theology and Philosophy E-Books Online, Collection 2014, ISBN: 9789004262492. | |
| 856 | 4 | |z DOI: |u http://dx.doi.org/10.1163/9789004257399 | |
| 942 | |c EBOOK | ||
| 952 | |0 0 |1 0 |4 0 |7 1 |9 13016 |a BRILL |b BRILL |d 2021-06-02 |l 0 |r 2021-06-02 00:00:00 |w 2021-06-02 |y EBOOK | ||
| 999 | |c 34470 |d 34470 | ||
